书目信息 |
| 题名: |
人体及动物生理学者
|
|
| 作者: | 王玢 , 左明雪 主编 | |
| 分册: | ||
| 出版信息: | 北京 高等教育出版社 1986.03 |
|
| 页数: | 491页 | |
| 开本: | 26cm | |
| 丛书名: | ||
| 单 册: | ||
| 中图分类: | Q4 | |
| 科图分类: | ||
| 主题词: | 生理学 | |
| 电子资源: | ||
| ISBN: | 7-04-009428-2 | |
| 000 | 00630nam0 2200217 45 | |
| 001 | 0260576984 | |
| 005 | 2002061016493600 | |
| 010 | @a7-04-009428-2@dRMB 26.70 | |
| 100 | @a20020610d1986 km y0chiy0120 ea | |
| 101 | 0 | @achi |
| 102 | @aCN@b110000 | |
| 200 | 1 | @a人体及动物生理学者@Aren ti ji dong wu sheng li xue zhe@f王玢,左明雪主编@Fwang fen,zuo ming xue zhu bian |
| 205 | @a第二版 | |
| 210 | @a北京@c高等教育出版社@d1986.03 | |
| 215 | @a491页@d26cm | |
| 606 | 0 | @a生理学 |
| 690 | @aQ4@v3 | |
| 701 | 0 | @a王玢@Awang fen@4主编 |
| 701 | 0 | @a左明雪@Azuo ming xue@4主编 |
| 801 | 0 | @aCN@bPFT@c20020610 |
| 905 | @a安徽大学@dQ4@eW175 | |
| 人体及动物生理学者/王玢,左明雪主编.-第二版.-北京:高等教育出版社,1986.03 |
| 491页;26cm |
| ISBN 7-04-009428-2:RMB 26.70 |
| ● |
| 相关链接 |
|
|
|
正题名:人体及动物生理学者
索取号:Q4/W175
 
预约/预借
| 序号 | 登录号 | 条形码 | 馆藏地/架位号 | 状态 | 备注 |
| 1 | 362677 | 203626772 | 自科库401/401自科库 27排3列5层/ [索取号:Q4/W175] | 在馆 | |
| 2 | 362678 | 203626781 | 自科库401/401自科库 27排3列5层/ [索取号:Q4/W175] | 在馆 | |
| 3 | 362679 | 203626790 | 自科库401/401自科库 27排3列5层/ [索取号:Q4/W175] | 在馆 |